LEADER 00938nam a2200205 i 4500 001 000000193882 003 CaOOAMICUS 005 20101029000000.0 008 101029s1904 it u000 u ita u 013 $a172526 040 $aSeMil$bita 100 1 $aSvampa, Domenico.$0(OLS)http://semarc/name/10283 245 10$aVita di san Serafino da Montegranaro, laico Cappuccino /$cCardinale Domenico Svampa Arcivescovo di Bologna. 260 $aBologna :$bTipografia Arcivescovile,$c1904. 300 $a256 p. :$bill. + [2] c. di tav. ripieg. ;$c21 cm. 650 4$aSerafino da Montegranaro .$0(OLS)http://semarc/subject/16732 850 $aSeMil 852 $aSeMil$W1$xVenegono$y1$m3J IV 92$j144456$B144456$CSeMilBibl$Z2$F155769 $81 996 $6245$aVita di san Serafino da Montegranaro, laico Cappuccino$9(OLS)http://semarc/title/279506 996 $6260$aBologna :$bTipografia Arcivescovile$9(OLS)http://semarc/publisher/42179 LEADER 00844nam a2200241 i 4500 001 000000087152 003 CaOOAMICUS 005 20251023100423.0 008 180830s1954 xx u000 u und u 013 $a59392 020 $a88-452- 040 $aSeMil$bita 245 13$aLa saggezza dell'America. 260 $aMilano :$bBompiani,$c1954. 300 $a477 p. 650 4$aStati Uniti d'America.$0(OLS)http://semarc/subject/3088 700 1 $aLin, Yutang <1895-1976>.$0(OLS)http://semarc/name/34176 850 $aSeMil 852 $aSeMil$W1$xVenegono$y1$m86 12 *$j50721$B50721$CSeMilBibl$Z2$F54751 $81 996 $6020$a88-452-$9(OLS)http://semarc/number/67233 996 $6245$aLa saggezza dell'America$9(OLS)http://semarc/title/133272 996 $6260$aMilano :$bBompiani$9(OLS)http://semarc/publisher/29706